Franco Grillini. Cinque anni d'impegno in regione

সংরক্ষণ করুন:
গ্রন্থ-পঞ্জীর বিবরন
প্রধান লেখক: Grillini, Franco
বিন্যাস: গ্রন্থ
ভাষা:ইতালিয়
প্রকাশিত: Centro stampa regionale 2014
ট্যাগগুলো: ট্যাগ যুক্ত করুন
কোনো ট্যাগ নেই, প্রথমজন হিসাবে ট্যাগ করুন!

MARC

LEADER 00000nam a2200000 u 4500
005 20250818000415.0
008 240227b |||||||| |||| 00| u ita d
040 |c C 
100 |a Grillini, Franco 
245 |a Franco Grillini.   |b Cinque anni d'impegno in regione 
260 |b Centro stampa regionale  |c 2014 
942 |2 ddc  |c BK  |n 0 
952 |0 0  |1 0  |2 ddc  |4 0  |6 320_945000000000000_GRI_FRA  |7 1  |9 746  |a GE  |b GE  |d 2015-12-10  |l 0  |o 320.945 GRI FRA  |p 2861  |r 2024-02-27 14:30:12  |w 2024-02-27  |y BK 
999 |c 702  |d 702